Observations on the cause, nature, and treatment of the epidemic disorder, prevalent in Philadelphia /

Bibliographic Details
Main Author: Nassy, David de Isaac Cohen, 1747-1806
Format: eBook
Language:English
Series:Early American imprints. Evans (1639-1800) ; no. 25855.
Subjects:
Online Access:Evans Digital Edition

MARC

Tag First Indicator Second Indicator Subfields
LEADER 00000cam a2200000 a 4500
001 in00002139273
006 m e d #
007 cr mn mmmmabba
008 830216s1793 pau s 000 0 eng d
005 20260331161601.7
035 |z w021322 
035 |a MAAR8302163650B 
035 |9 mwa91-9851 
035 |a 341172 
035 |a aas03021322 
040 |a MWA  |c MWA  |e bdrb  |d UtOrBLW 
041 1 |a eng  |h fre 
100 1 |a Nassy, David de Isaac Cohen,  |d 1747-1806. 
245 1 0 |a Observations on the cause, nature, and treatment of the epidemic disorder, prevalent in Philadelphia /  |c By D. Nassy, M.D. member of the American Philosophical Society, &c. ; (Translated from the French.). 
264 3 |a Philadelphia :  |b Printed by Parker & Co. for M. Carey,  |c Nov. 26, --1793. 
300 |a 26 pages ;  |c 22 cm. (octavo) 
336 |a text  |b txt  |2 rdacontent 
337 |a computer  |b c  |2 rdamedia 
338 |a online resource  |b cr  |2 rdacarrier 
500 |a Parentheses substituted for square brackets enclosing "Translated from the French." 
500 |a Errata note, page 26. 
510 4 |a Evans  |c 25855 
510 4 |a Austin, R.B. Early Amer. medical imprints,  |c 1358 
510 4 |a Wolf, E. Unrecorded Judaica,  |c 7 
530 |a Microform version available in the Readex Early American Imprints series. 
533 |a Electronic text and image data.  |b [Chester, Vt. :  |c Readex, a division of Newsbank, Inc.,  |d 2002-2004.  |e Includes files in TIFF, GIF and PDF formats with inclusion of keyword searchable text.  |f (Early American imprints. First series ; no. 25855). 
500 |a Electronic resource. 
650 0 |a Yellow fever  |z Pennsylvania  |z Philadelphia. 
752 |a United States  |b Pennsylvania  |d Philadelphia. 
830 0 |a Early American imprints.  |n Series I,  |p Evans (1639-1800) ;  |v no. 25855. 
856 4 1 |u http://proxy.library.tamu.edu/login?url=https://opac.newsbank.com/select/evans/25855  |y Evans Digital Edition  |t 0 
999 |a MARS 
999 f f |s 220c7179-7d58-35ca-9493-ca06dec5862d  |i d382fbc9-6d33-3f67-99b5-a3716f64079c  |t 0 
952 f f |a Texas A&M University  |b College Station  |c Electronic Resources  |s www_evans  |d Available Online  |t 0  |h No information provided 
998 f f |t 0  |l Available Online